000 00260nam a22001097a 4500
999 _c64741
_d64738
082 _a۲۹۷.۱۶ م و د
100 _aابوالا علی مودودی
245 _aتفھیم القرآن
260 _aلاھور
_c۱۹۸۷
300 _a۷۱۲
942 _cBK